|
|
|
|
| LEADER |
00000cam a2200000 7i4500 |
| 001 |
0000027577 |
| 005 |
20171005.0 |
| 008 |
170920 -uka eng |
| 020 |
|
|
|a 9781118843093
|
| 040 |
|
|
|a INS
|b eng
|e rda
|
| 090 |
0 |
0 |
|a HG4028.V3
|b S36 2014
|
| 100 |
1 |
|
|a Schmidlin, Nicolas ,
|e author
|
| 245 |
1 |
4 |
|a The art company valuation and financial statement analysis :
|b a value investor's guide with real-life case studies
|c Nicolas Schmidlin
|
| 264 |
|
1 |
|a United Kingdom :
|b John Wiley & Sons Ltd
|c 2014
|
| 300 |
|
|
|a 250 pages :
|b illustration ;
|c 24 cm.
|
| 336 |
|
|
|a text
|2 rdacontent
|
| 337 |
|
|
|a unmediated
|2 rdamedia
|
| 338 |
|
|
|a volume
|2 rdacarrier
|
| 500 |
|
|
|a Includes index
|
| 650 |
|
0 |
|a Corporations
|x Valuation
|
| 999 |
|
|
|a 1000003012
|b BOOK
|c Open Shelf
|e Default branch
|
| 999 |
|
|
|a 1000003321
|b BOOK
|c Open Shelf
|e Default branch
|